Twenty One Pilots- Clancy: Breach World Tour Setlist - Statistics

General Stats
  • This quiz has been taken 35 times
    19 since last reset
  • The average score is 28 of 29
Answer Stats
Hint: Album Answer % Correct
Clancy Backslide
100%
Breach City Walls
100%
Breach Garbage
100%
Vessel Guns for Hands
100%
Single Heathens
100%
Blurryface Heavydirtysoul
100%
Vessel House of Gold
100%
Trench Jumpsuit
100%
Blurryface Lane Boy
100%
Blurryface Message Man
100%
Clancy Next Semester
100%
Trench Nico and the Niners
100%
Clancy Overcompensate
100%
Trench Pet Cheetah
100%
Breach RAWFEAR
100%
Blurryface Ride
100%
Scaled and Icy Shy Away
100%
Blurryface Stressed Out
100%
Breach Tally
100%
Breach The Contract
100%
Single/League of Legends The Line
100%
Vessel Trees
100%
Blurryface We Don't Believe What's on TV
100%
Trench Chlorine
92%
Blurryface Doubt
92%
Breach Drum Show
92%
Blurryface Polarize
92%
Blurryface Tear in My Heart
92%
Clancy Routines in the Night
85%
No matching quizzes found
Score Distribution
Percent of People with Each Score
Percentile by Number Answered
Your Score History
You have not taken this quiz since the last reset